Structural and foundations failures

Bibliographic Details
Main Author: Le Patner, Barry B.
Other Authors: Johnson, Sidney M.
Format: Book
Published: St Louis : Mcgraw Hill , c1982
Subjects:

MARC

LEADER 00000cam a2200000 7i4500
001 0000001908
005 20050613.0
020 |a 0070325847 
040 |a INS 
090 0 0 |a TA656.   |b L46 1982 
100 1 |a Le Patner, Barry B. 
245 1 0 |a Structural and foundations failures   |c Barry B. Le Patner 
260 |a St Louis :   |b Mcgraw Hill ,   |c c1982 
300 |a 249p. :   |b ill ;   |c 24 cm. 
650 0 0 |a Structural failures   |x case study 
700 1 |a Johnson, Sidney M. 
999 |a 0000000623   |b BOOK   |c Open Shelf   |e Default branch